| 000 | 00809nam a2200217 i 4500 | ||
|---|---|---|---|
| 001 | 61661 | ||
| 003 | ES-MaACL | ||
| 007 | t| | ||
| 008 | 031113s1982 sp ||||1| spa d | ||
| 100 | 1 |
_aFagnani, Francis. _948624 |
|
| 245 | 1 | 0 |
_aNucleópolis _b: materiales para el análisis de una sociedad nuclear / _cdirigido por Francis Fagnani y Alexandre Nicolon ; traducido por Juan Vioque Lozano. |
| 260 |
_aMadrid : _bInstituto de Estudios de Administración Local, _c1982. |
||
| 300 |
_a479 p. ; _c21 cm. |
||
| 490 | 1 | _aNuevo urbanismo | |
| 700 | 1 |
_aNicolon, Alexandre. _985603 |
|
| 700 | 1 |
_aVioque Lozano, Juan. _9115421 |
|
| 710 | 2 |
_aInstituto de Estudios de Administración Local (España) _94893 |
|
| 830 | 0 |
_aNuevo urbanismo _9181984 |
|
| 852 |
_aES-MaACL _jL-3425 _bR.104191 |
||
| 999 |
_c61661 _d61661 |
||